Guess the Billie Eilish Song - 4 - Statistics

General Stats
  • This quiz has been taken 76 times
  • The average score is 133 of 191
Answer Stats
Answer % Correct
I
100%
you
93%
I'm
84%
when
84%
Don't
82%
me
80%
the
80%
can't
78%
go
78%
it
78%
my
78%
to
78%
and
76%
And
76%
for
76%
know
76%
no
76%
on
76%
that
76%
like
71%
but
69%
But
69%
good
69%
could
67%
is
64%
ever
62%
if
62%
I've
62%
lie
60%
afford
58%
home
58%
lose
58%
over
58%
own
58%
say
58%
comin'
56%
learned
56%
nothin'
56%
stop
56%
call
53%
(call
53%
I'll
53%
let
53%
too
53%
bleedin'
51%
leavin'
51%
shirt
51%
stops
51%
much
49%
party's
49%
Quiet
49%
tore
49%
already
47%
back)
47%
friend
47%
keep
47%
better
44%
closer
44%
hurt
44%
only
44%
said
44%
once
42%
just
40%
our
40%
sometimes
40%
we've
40%
both
38%
goodbyes
38%
Yeah
38%
Let's
29%
No matching quizzes found
Score Distribution
Percent of People with Each Score
Percentile by Number Answered
Your Score History
You have not taken this quiz